|
|
|
|
| LEADER |
00619cam a2200133 7i4500 |
| 001 |
0000009585 |
| 005 |
20010525090000.0 |
| 090 |
0 |
0 |
|a CD-ROM 187
|b IND
|
| 245 |
0 |
0 |
|a The Indonesian Bank Restructuring Agency (BRA) :
|b annual report 1999 =
|l Badan Penyehatan Perbankan Nasional :
|b annual report 1999 :
|b laporan tahunan 1999 [
|m electronic resources].
|
| 260 |
0 |
0 |
|a [s.l]:
|b The Indonesian Bank Restructuring Agency,
|c 2000.
|
| 300 |
# |
# |
|a Electronic computer optical disc (CD-ROM).
|
| 650 |
0 |
0 |
|a Bank and banking --
|x Annual report --
|z Indonesia
|
| 651 |
0 |
0 |
|a Indonesia
|
| 999 |
|
|
|a 0000012153
|b CD-ROM
|c AV Collection
|e Business Information Centre
|